LEADER 01639ntm 2200445I 450 001 9910705877703321 005 20170721145500.0 035 $a(CKB)5470000002453637 035 $a(OCoLC)994227045 035 $a(EXLCZ)995470000002453637 100 $a20170721j20141106 ua 0 101 0 $aeng 135 $aurcn||||||||| 181 $ctxt$2rdacontent 182 $cc$2rdamedia 183 $acr$2rdacarrier 200 10$aElectrical ground support equipment fabrication, specification for /$fErik C. Denson 210 1$aKennedy Space Center, FL :$cNational Aeronautics and Space Administration, John F. Kennedy Space Center,$dNovember 2014. 215 $a1 online resource (xiv, 110 pages) $cillustrations (some color) 225 1 $aNASA/TP ;$v2014-218436 300 $a"November 2014." 300 $a"KSC-E-165E February 2, 2009, change 3, November 6, 2014: supersedes KSC-E-165D, February 22, 1995"--Page 5 of PDF file. 300 $a"Approved for public release - distribution is unlimited."--Footer text. 606 $aElectric equipment$2nasat 606 $aElectronic control$2nasat 606 $aGround support equipment$2nasat 606 $aFabrication$2nasat 606 $aMaintenance$2nasat 615 7$aElectric equipment. 615 7$aElectronic control. 615 7$aGround support equipment. 615 7$aFabrication. 615 7$aMaintenance. 701 $aDenson$b Erik C$c(Author)$01393628 801 0$bGPO 801 1$bGPO 906 $aBOOK 912 $a9910705877703321 996 $aElectrical ground support equipment fabrication, specification for$93449915 997 $aUNINA